000 00432nam a2200169 4500
999 _c164627
_d164627
005 20190523150007.0
010 _aA-817403
035 _aA-817403
037 _bDBAD/PUB
082 _a181.499
100 _aRadhey Shyam
245 _aIndian philosophy/
_cRadhey Shyam
300 _a807p.
_c21cms(Hbk)
500 _aIt includes index
942 _2ddc
_cEN
_h181.499
_mRAD